<?xml version="1.0" encoding="UTF-8"?>
<record
    xmlns:xsi="http://www.w3.org/2001/XMLSchema-instance"
    xsi:schemaLocation="http://www.loc.gov/MARC21/slim http://www.loc.gov/standards/marcxml/schema/MARC21slim.xsd"
    xmlns="http://www.loc.gov/MARC21/slim">

  <leader>01600nam0a22003971  4500</leader>
  <controlfield tag="001">RU\NLR\A1SV\74090</controlfield>
  <controlfield tag="005">20260128111606.0</controlfield>
  <datafield tag="035" ind1=" " ind2=" ">
    <subfield code="a">(NLR Aleph) 009755600</subfield>
  </datafield>
  <datafield tag="090" ind1=" " ind2=" ">
    <subfield code="a">9998126</subfield>
    <subfield code="c">9998126</subfield>
  </datafield>
  <datafield tag="100" ind1=" " ind2=" ">
    <subfield code="a">20061122d1923    u  y0rusy50      ca</subfield>
  </datafield>
  <datafield tag="101" ind1="1" ind2=" ">
    <subfield code="a">rus</subfield>
    <subfield code="c">ger</subfield>
  </datafield>
  <datafield tag="102" ind1=" " ind2=" ">
    <subfield code="a">RU</subfield>
  </datafield>
  <datafield tag="200" ind1="1" ind2=" ">
    <subfield code="a">&#x412;&#x441;&#x43A;&#x430;&#x440;&#x43C;&#x43B;&#x438;&#x432;&#x430;&#x43D;&#x438;&#x435; &#x438; &#x43E;&#x431;&#x43C;&#x435;&#x43D; &#x432;&#x435;&#x449;&#x435;&#x441;&#x442;&#x432; &#x432; &#x433;&#x440;&#x443;&#x434;&#x43D;&#x43E;&#x43C; &#x432;&#x43E;&#x437;&#x440;&#x430;&#x441;&#x442;&#x435;</subfield>
    <subfield code="e">&#x420;&#x443;&#x43A;. &#x434;&#x43B;&#x44F; &#x43F;&#x440;&#x430;&#x43A;&#x442;. &#x432;&#x440;&#x430;&#x447;&#x430;</subfield>
    <subfield code="f">Leo Langstein und Ludwig E. Meyer</subfield>
    <subfield code="g">&#x41F;&#x435;&#x440;. &#x441; 2-&#x433;&#x43E; &#x438; 3-&#x433;&#x43E; &#x43D;&#x435;&#x43C;. &#x438;&#x437;&#x434;. &#x43E;&#x440;&#x434;. &#x41A;&#x43B;&#x438;&#x43D;&#x438;&#x43A;&#x438; &#x434;&#x435;&#x442;. &#x431;&#x43E;&#x43B;&#x435;&#x437;&#x43D;&#x435;&#x439; 2-&#x433;&#x43E; &#x413;&#x43E;&#x441;. &#x443;&#x43D;&#x438;&#x432;. &#x410;.&#x410;.&#x41A;&#x438;&#x441;&#x43B;&#x43E;&#x432;&#x441;&#x43A;&#x43E;&#x439; &#x438; &#x415;.&#x41F;.&#x413;&#x430;&#x43B;&#x44C;&#x43F;&#x435;&#x440;&#x438;&#x43D;</subfield>
    <subfield code="g">&#x41F;&#x43E;&#x434; &#x440;&#x435;&#x434;. &#x441; &#x43F;&#x440;&#x438;&#x43C;. &#x438; &#x434;&#x43E;&#x431;. &#x43F;&#x440;&#x435;&#x43F;. &#x41A;&#x43B;&#x438;&#x43D;&#x438;&#x43A;&#x438; &#x421;.&#x418;.&#x424;&#x435;&#x434;&#x44B;&#x43D;&#x441;&#x43A;&#x43E;&#x433;&#x43E;</subfield>
  </datafield>
  <datafield tag="210" ind1=" " ind2=" ">
    <subfield code="a">&#x41C;.</subfield>
    <subfield code="c">&#x41E;&#x442;&#x434;. &#x43E;&#x445;&#x440;&#x430;&#x43D;&#x44B; &#x43C;&#x430;&#x442;&#x435;&#x440;&#x438;&#x43D;&#x441;&#x442;&#x432;&#x430; &#x438; &#x43C;&#x43B;&#x430;&#x434;&#x435;&#x43D;&#x447;&#x435;&#x441;&#x442;&#x432;&#x430; &#x41D;&#x430;&#x440;&#x43A;&#x43E;&#x43C;&#x437;&#x434;&#x440;&#x430;&#x432;&#x430;</subfield>
    <subfield code="d">1923</subfield>
  </datafield>
  <datafield tag="215" ind1=" " ind2=" ">
    <subfield code="a">X, [2], 455 &#x441;.</subfield>
    <subfield code="c">&#x438;&#x43B;., &#x442;&#x430;&#x431;&#x43B;.</subfield>
    <subfield code="d">25 &#x441;&#x43C;</subfield>
  </datafield>
  <datafield tag="620" ind1=" " ind2=" ">
    <subfield code="d">&#x41C;&#x43E;&#x441;&#x43A;&#x432;&#x430;</subfield>
  </datafield>
  <datafield tag="700" ind1=" " ind2="1">
    <subfield code="6">z01790</subfield>
    <subfield code="a">&#x41B;&#x430;&#x43D;&#x433;&#x448;&#x442;&#x435;&#x439;&#x43D;</subfield>
    <subfield code="b">&#x41B;.</subfield>
    <subfield code="f">1876-1933</subfield>
    <subfield code="g">&#x41B;&#x435;&#x43E;</subfield>
  </datafield>
  <datafield tag="701" ind1=" " ind2="1">
    <subfield code="6">z02790</subfield>
    <subfield code="a">&#x41C;&#x435;&#x439;&#x435;&#x440;</subfield>
    <subfield code="b">&#x41B;.&#x415;.</subfield>
    <subfield code="g">&#x41B;&#x44E;&#x434;&#x432;&#x438;&#x433; &#x415;.</subfield>
  </datafield>
  <datafield tag="702" ind1=" " ind2="1">
    <subfield code="a">&#x41A;&#x438;&#x441;&#x43B;&#x43E;&#x432;&#x441;&#x43A;&#x430;&#x44F;</subfield>
    <subfield code="b">&#x410;.&#x410;.</subfield>
  </datafield>
  <datafield tag="702" ind1=" " ind2="1">
    <subfield code="a">&#x413;&#x430;&#x43B;&#x44C;&#x43F;&#x435;&#x440;&#x438;&#x43D;</subfield>
    <subfield code="b">&#x415;.&#x41F;.</subfield>
  </datafield>
  <datafield tag="702" ind1=" " ind2="1">
    <subfield code="a">&#x424;&#x435;&#x434;&#x44B;&#x43D;&#x441;&#x43A;&#x438;&#x439;</subfield>
    <subfield code="b">&#x421;.&#x418;.</subfield>
  </datafield>
  <datafield tag="790" ind1=" " ind2="1">
    <subfield code="6">z01700</subfield>
    <subfield code="a">Langstein</subfield>
    <subfield code="b">L.</subfield>
    <subfield code="g">Leo</subfield>
  </datafield>
  <datafield tag="790" ind1=" " ind2="1">
    <subfield code="6">z02701</subfield>
    <subfield code="a">Meyer</subfield>
    <subfield code="b">L.E.</subfield>
    <subfield code="g">Ludwig E.</subfield>
  </datafield>
  <datafield tag="801" ind1=" " ind2="0">
    <subfield code="a">RU</subfield>
    <subfield code="b">NLR</subfield>
    <subfield code="c">20061122</subfield>
  </datafield>
  <datafield tag="852" ind1=" " ind2=" ">
    <subfield code="a">NLR</subfield>
    <subfield code="j">37.11.3.162</subfield>
  </datafield>
  <datafield tag="852" ind1=" " ind2=" ">
    <subfield code="a">NLR</subfield>
    <subfield code="j">132/3601</subfield>
  </datafield>
  <datafield tag="899" ind1=" " ind2=" ">
    <subfield code="a">&#x420;&#x413;&#x411;</subfield>
  </datafield>
  <datafield tag="899" ind1=" " ind2=" ">
    <subfield code="a">&#x411;&#x410;&#x41D;</subfield>
  </datafield>
  <datafield tag="899" ind1=" " ind2=" ">
    <subfield code="a">&#x421;&#x41E;&#x423;&#x41D;&#x411;</subfield>
  </datafield>
  <datafield tag="899" ind1=" " ind2=" ">
    <subfield code="a">&#x41D;&#x411; &#x411;&#x435;&#x43B;.</subfield>
  </datafield>
  <datafield tag="899" ind1=" " ind2=" ">
    <subfield code="a">&#x41D;&#x411;&#x423;&#x412;</subfield>
  </datafield>
  <datafield tag="899" ind1=" " ind2=" ">
    <subfield code="a">&#x41A;&#x438;&#x440;&#x41E;&#x423;&#x41D;&#x411;</subfield>
  </datafield>
  <datafield tag="942" ind1=" " ind2=" ">
    <subfield code="c">BOOK</subfield>
  </datafield>
  <datafield tag="980" ind1=" " ind2=" ">
    <subfield code="a">A1SV</subfield>
  </datafield>
  <datafield tag="980" ind1=" " ind2=" ">
    <subfield code="a">NB</subfield>
  </datafield>
  <datafield tag="995" ind1=" " ind2=" ">
    <subfield code="5">2016-05-13</subfield>
    <subfield code="b">NLR02</subfield>
    <subfield code="c">NLR02</subfield>
    <subfield code="e">RFS</subfield>
    <subfield code="f">9755600-10</subfield>
    <subfield code="k">37.11.3.162</subfield>
    <subfield code="o">0</subfield>
    <subfield code="r">BOOK</subfield>
    <subfield code="s">37113162_</subfield>
  </datafield>
</record>
